Atlas básico de botânica (Registo nº 1306)

Detalhes MARC
000 -Etiqueta do registo
Cabeçalho 00800nam a2200277 4500
005 - Identificador da versão
Campo de controlo 20240813121832.0
010 ## - Número internacional normalizado dos livros (ISBN)
Número (ISBN) 972650631X
021 ## - Número do Depósito Legal
Código do país PT
Número 2465-0103
035 ## - Other System Control Numbers
System Control Number ESEJPG_BC_125.iso/13-03-2009/7651
System Control Number IPGA-ESS20050720092734
System Control Number 2105421
100 ## - Dados gerais de processamento
Dados gerais de processamento 20060928d2002 k y0pory5003 ba
102 ## - Pais de publicação ou produção
País de publicação Portugal
101 0# - Língua de publicação
Língua do texto, banda sonora, etc. Português
215 ## - Descrição física 
Indicação específica da natureza do documento e extensão da espécie 96 p.
Outras indicações físicas il.
Dimensões 28 cm
200 1# - Titulo e menção de responsabilidade
Título próprio Atlas básico de botânica
Primeira menção de responsabilidade trad., rev., adap. Ana Paula Carneiro, Lília Esteves
205 ## - Menção da edição
Menção da edição 2ª ed.
210 ## - Publicação, Distribuição, etc. 
Lugar da edição, distribuição, etc. Lisboa
Nome do editor, distribuidor, etc. Didáctica editora
Data da publicação, distribuição, etc. 2002
675 ## - Classificação Decimal Universal (CDU)
Notação 58
Edição BN
Língua da edição por
702 #1 - Nome de autor-pessoa física (responsabilidade secundária)
Número de registo de entrada de autoridade 0001854
Palavra de ordem Carneiro
Outra parte do nome não tomada para palavra de ordem Ana Paula
Código de função Tradutor
-- Autor de recensão / Crítico
-- Adaptador
Número de registo de entrada de autoridade 0001855
Palavra de ordem Esteves
Outra parte do nome não tomada para palavra de ordem Lília
Código de função Tradutor
-- Autor de recensão / Crítico
-- Adaptador
966 ## - Identificação da Biblioteca
Sigla NUMETECA
942 ## - Elementos de entrada adicionados (Koha)
Tipo de item no Koha Livro
Exemplares
Situação do levantamento Origin of item (home branch) (coded) Biblioteca de empréstimo Código de barras Cota Circulation type (not for loan) Tipo de documento Nota do exemplar Damaged status
  Biblioteca Escolar Eng. Nuno Mergulhão Biblioteca Escolar Eng. Nuno Mergulhão BENM3180 | 2004 58 BOT   Livro Sem mensagem